000 00280nam a22001337a 4500
008 170911b xxu||||| |||| 00| 0 eng d
020 _a077731524105
041 _aeng
080 _a91
100 _a42
101 _aGJEO
245 _a WORLD ATLAS
_cHAMMOND,F
942 _2udc
_cBK
999 _c26975
_d26975